LDR 01080naa#a2200193#i#450# 001 RU\\bibl\121205 005 20260513044452.3 011 ## _a2409-1073 100 ## _a20141121b2014####ek#y0rusy0150####ca 101 0# _aRUS 102 ## _aRU 200 1# _aИнформационная культура как ресурс обеспечения безопасности личности в информационном обществе _eЖурнальная статья 210 1# _aМосква _cФедеральное государственное автономное образовательное учреждение высшего образования Национальный исследовательский университет "Московский институт электронной техники" _d2014 215 ## _a5 с. 608 ## _aЖурнальная статья _2local 675 ## _a. 002:004.056 _zRUS 700 #1 _aПирогов _gАлександр Иванович 700 #1 _aЗавальнев _gВячеслав Игоревич 856 4# _aesgi-journal.ru _u